From empire to republic : essays on Ottoman and Turkish social history

Saved in:
Bibliographic Details
Main Author: Inalcik, Halil 1916-
Format: Book
Language:English
Published: Istanbul : The Isis Press, c1995
Series:Analecta Isisiana ; ; 19
Subjects:
Tags: Add Tag
No Tags, Be the first to tag this record!

MARC

LEADER 00000nam a2200000 i 4500
001 1/90980
008 991008s1995 eng d
020 |a 975-428-080-0 
035 |l 10053363 
040 |a GR-MY-UA  |b gre  |e aacr 
041 0 |a eng 
082 0 |a 949.61 
100 1 |a Inalcik, Halil  |d 1916- 
245 1 0 |a From empire to republic :  |b essays on Ottoman and Turkish social history /  |c Halil Inalcik 
260 |a Istanbul :   |b The Isis Press,   |c c1995 
300 |a 179 p. 
490 1 |a Analecta Isisiana  |v ; 19 
651 0 |a Turkey  |x Social conditions  |y 20th century. 
651 0 |a Turkey  |x History. 
830 0 |a Analecta Isisiana ;  |v ; 19 
852 |a INST  |b LESVOS  |e 19991008  |h 949.61 INA  |p 005100019065  |q 005100019065  |t BK  |y 0 
901 |a BIBL1-1999-3 
909 |a Λ  |b 068402 
920 |a ΤMHMA ΚΟINΩΝΙΚΗΣ ΑΝΘΡΩΠΟΛΟΓΙΑΣ  |y ΛΕΣΒΟΣ  |z 1999-09 
970 |z 2000/06/ΟΙΚΟΝΟΜΟΠΟΥΛΟΥ ΧΡΙΣΤΙΝΑ 
970 |a ΤΖΑΦΕΡΗ  |b ΕΥΑΓΓΕΛΙΑ  |z 1999/10/08